Derecho político. TOMO I /
Guardado en:
| Autor Principal: | |
|---|---|
| Formato: | Libro |
| Idioma: | Spanish |
| Publicado: |
Buenos Aires :
Ghersi,
1982
|
| Edición: | 5a. ed. act. |
| Materias: | |
| Etiquetas: |
Agregar Etiqueta
Sin Etiquetas, Sea el primero en etiquetar este registro!
|
| LEADER | 00426nam a22001455a 4500 | ||
|---|---|---|---|
| 001 | DER.der013405 | ||
| 008 | 180615s1982####ag#||||||||||||||#||spa|| | ||
| 005 | 20250219091016.0 | ||
| 245 | 1 | 0 | |a Derecho político. |n TOMO I / |c Carlos S. Fayt. |
| 250 | |a 5a. ed. act. | ||
| 260 | |a Buenos Aires : |b Ghersi, |c 1982 | ||
| 300 | |a 392 p. | ||
| 100 | 1 | |a Fayt, Carlos S. | |
| 650 | 7 | |a CIENCIA POLITICA | |
| 859 | |a DERECHO |b BIB. DERECHO |h 321.01 |i FAY |p 008355 |3 Tomo I | ||
